LEADER 01236nam a2200301 i 4500 001 000000160411 003 CaOOAMICUS 005 20181122111518.0 008 070321s1979 it u000 u ita u 013 $a137774 040 $aSeMil$bita 100 1 $aGouley, Bernard.$0(OLS)http://semarc/name/42256 240 14$aLes catholiques français aujourd'hui.$0(OLS)http://semarc/title/143055 245 14$aGli anonimi cattolici /$cBernard Gouley ; Saggio introduttivo di Giovanni Bianchi ; Traduzione dal francese di Anna Maria Massimello. 260 $aMilano :$bRusconi,$c1979 (copyr. 1978) 300 $a394 p. ;$c22 cm. 490 0 $aPamphlet [Rusconi] 500 $aFondo Card. Giovanni Colombo. 650 4$aCattolicesimo.$0(OLS)http://semarc/subject/2438 700 1 $aMassimello, Anna Maria.$0(OLS)http://semarc/name/42257 830 0$aPamphlet.$0(OLS)http://semarc/title/420054 850 $aSeMil 852 $aSeMil$W1$xVenegono$y1$m1E II 52$j111886$B111886$CSeMilBibl$Z2$F121898 $81 941 1 $a3 961 $aLascito: Colombo Card. Giovanni 996 $6245$aGli anonimi cattolici$9(OLS)http://semarc/title/143054 996 $6260$aMilano :$bRusconi$9(OLS)http://semarc/publisher/30258 LEADER 01192nam a2200229 i 4500 001 000000106528 003 CaOOAMICUS 005 20030624000000.0 008 030624s1968 fr u000 u fre u 013 $a78722 040 $aSeMil$bita 245 10$aCommentaire :$bjusqu'à Vita 19 /$cpar Jacques Fontaine. 490 0 $aSources Chrétiennes ;$vN°134. Série des Textes Monastiques d'Occident ; N° 23. 490 0 $aSources Chrétiennes. Série des Textes monastiques d'Occident ;$vN°23. 700 1 $aFontaine, Jacques,$d<1922-2015>.$0(OLS)http://semarc/name/90108 773 0 $aSulpicius Severus $tVie de saint Martin.$dParis : Les Éditions du Cerf, 1967-1969 (copyr. 1967)$gTome2$w()9353 830 0$aSources chrétiennes ;$vN°134. Série des Textes Monastiques d'Occident ; N° 23.$0(OLS)http://semarc/title/72 830 0$aSources chrétiennes. Série des Textes monastiques d'Occident ;$vN°23.$0(OLS)http://semarc/title/12473 850 $aSeMil 852 $aSeMil$W1$xVenegono$y1$mSL1.T III 134$j62660$B62660$CSeMilBibl$Z2$F71804 $8I 961 $aLascito: Colombo Card. Giovanni 996 $6245$aCommentaire :$bjusqu'à Vita 19$9(OLS)http://semarc/title/154520